Villes de l'Indonésie - Mort Subite - Statistiques

Statistiques générales
  • Ce quiz a été pris 123 fois
  • Le résultat moyen est 4 sur 20
Answers on the Grid
Answers color-coded by a green-red scale on the quiz's grid according to % correct below.
Nusantara
Jakarta
Balikpapan
Bandung
Surabaya
Medan
Makassar
Mataram
Semarang
Padang
Palembang
Manado
Denpasar
Metro
Yogyakarta
Pontianak
Pekanbaru
Sungai Penuh
Bekasi
Saumlaki
Rostok
Kandahar
Terima Kasih
Lombok
Bornéo
Komodo
Merapi
Krakatoa
Ekky Pratama
Davao
Sumatra
Java
Samut Prakan
Haryanto
Kuala Lumpur
Bali
 
Statistiques - réponses
Réponse % Correct
Jakarta
50%
Bandung
48%
Surabaya
46%
Denpasar
31%
Medan
30%
Nusantara
30%
Padang
30%
Yogyakarta
26%
Palembang
24%
Semarang
22%
Sungai Penuh
17%
Bekasi
15%
Makassar
13%
Mataram
13%
Balikpapan
11%
Manado
9%
Pontianak
9%
Pekanbaru
7%
Metro
2%
Saumlaki
0%
Aucun quiz correspondant
Distribution des résultats
% des personnes avec chaque résultat
Percentile par nombre de réponses
Votre historique - résultats
Vous n’avez pas pris ce quiz